00366nam a2200157Ia 4500003000400000005001700004008004100021040000700062041000800069082001300077100001900090245004500109260001800154650001700172700001900189OSt20260212115212.0250729s1949 xx 000 0 und d cAL aeng a030 JONW aJones J Morris aThe worldbook encyclopedia volume -11(M) aChicagoc1949 aEncyclopedia aRao Digumurthi